| 000 | 00881nam a22002897a 4500 | ||
|---|---|---|---|
| 003 | CHAP | ||
| 005 | 20220329135107.0 | ||
| 008 | 971013s1961 r 00010 d | ||
| 010 | _a30821 | ||
| 011 | _a31793 | ||
| 035 | _a35905 | ||
| 040 | _cCHAP | ||
| 082 |
_a574.192 _bM37 |
||
| 100 | 0 | 0 |
_aMarmol, Solomon. _971465 |
| 245 |
_aGeneral and biological chemistry _b: a textbook for students of nursing |
||
| 260 |
_aPhiladelphia : _bSaunders, _c1961 |
||
| 300 |
_a237 p. _b: ilus |
||
| 590 |
_aBATCH-UPD _b10 _c20130110 _lUCH01 _h1510 |
||
| 590 |
_aBATCH-UPD _b10 _c20130410 _lUCH01 _h0927 |
||
| 590 |
_aBATCH-UPD _b10 _c20130914 _lUCH01 _h0643 |
||
| 590 |
_aCONVERSION _b10 _c20130109 _lUCH01 _h1317 |
||
| 650 | 1 | 4 |
_aBioquímica. _912849 |
| 650 | 1 | 4 |
_aQuímica. _993552 |
| 901 | _aBK | ||
| 942 | _cLIBRO | ||
| 949 |
_a574.192 M37 _bBC _cLIBRO _d33724000472155 _eLIBRO _h15626 _i35905 _mD _si |
||
| 999 |
_c30821 _d30821 |
||